Indoor Environment Quality and Health in Energy-Efficient Buildings (Record no. 15036)

MARC details
000 -LEADER
fixed length control field 01263nam a2200133Ia 4500
008 - FIXED-LENGTH DATA ELEMENTS--GENERAL INFORMATION
fixed length control field 220615s9999||||xx |||||||||||||| ||und||
020 ## - INTERNATIONAL STANDARD BOOK NUMBER
International Standard Book Number 9783040000000
245 #0 - TITLE STATEMENT
Title Indoor Environment Quality and Health in Energy-Efficient Buildings
546 ## - LANGUAGE NOTE
Language note English[eng]
650 ## - SUBJECT ADDED ENTRY--TOPICAL TERM
Topical term or geographic name entry element indoor air quality||thermal comfort||airtightness||natural ventilation||educational buildings||thermal insulation||sustainable materials||fique||thermal conductivity||thermogravimetry||green architecture||urban heat island||microclimate||feed-forward neural networks||air temperature measurements||in-situ measurements||urban models||urban environment||climate change||COVID-19||MgO-based cement||sustainability||energy efficiency||architecture||building evaluation||functional adequacy||human-centered||IEQ||learning space||place attachment||social interaction||social participation||sustainable building||quality air||epidemiology||data analysis||statistics||nursing homes||geopolymer||fly ash||basalt fiber||basalt waste aggregate||mechanical properties||lean manufacturing||modular construction||sustainability architecture||efficient buildings||lean construction
700 ## - ADDED ENTRY--PERSONAL NAME
Personal name González Lezcano, Roberto Alonso
856 ## - ELECTRONIC LOCATION AND ACCESS
Uniform Resource Identifier <a href="https://mdpi.com/books/pdfview/book/5282">https://mdpi.com/books/pdfview/book/5282</a>
942 ## - ADDED ENTRY ELEMENTS (KOHA)
Koha item type E-Books
Holdings
Withdrawn status Lost status Damaged status Not for loan Home library Current library Date acquired Total Checkouts Date last seen Price effective from Koha item type
        Kerala University of Digital Sciences, Innovation and Technology Knowledge Centre Kerala University of Digital Sciences, Innovation and Technology Knowledge Centre 15/06/2022   15/06/2022 15/06/2022 E-Books